Visualizzazione normale
Vista MARC
- Biblia.
di Uniform Title
Records bibliografici associati: 3
001 - CONTROL NUMBER
- control field: 61655
003 - CONTROL NUMBER IDENTIFIER
- control field:
005 - DATE AND TIME OF LATEST TRANSACTION
- control field: 20250223114244.0
008 - FIXED-LENGTH DATA ELEMENTS
- fixed length control field: 250223|| aca||aabn | a|a d
040 ## - CATALOGING SOURCE
- Original cataloging agency:
- Transcribing agency:
130 ## - HEADING--UNIFORM TITLE
- Uniform title: Biblia.
- Name of part/section of a work: N.T.
- Name of part/section of a work: Evang. sec. Marcum
- General subdivision: Studio italiano
670 ## - SOURCE DATA FOUND
- Source citation: Work cat.: ()360391: Aletti, Jean-Noël, s.j., 1942-, autore. 61653, Il Messia sofferente :